| 000 | 00494nam a2200181Ia 4500 | ||
|---|---|---|---|
| 001 | 3872 | ||
| 005 | 20260306145715.0 | ||
| 008 | 260306t2022||||xx |||||||||||||| ||spa|| | ||
| 041 | _aESP | ||
| 082 |
_a304.80985 _bA76 |
||
| 100 |
_aAronés Palomino, Mariano, _eAUT |
||
| 245 | 0 | _aLos atajos de la migración y las posibilidades de la patria después de doscientos años | |
| 260 | _c2022 | ||
| 300 |
_a181 páginas : _c21 cm. |
||
| 650 | _aGEN | ||
| 654 | _aCHU | ||
| 942 |
_cLIB _dJUS _fJUS _2ddc _n |
||
| 999 |
_c3872 _d3872 |
||